[Event "British Rapidplay"]
[Site "Peterborough"]
[Date "2024.03.03"]
[Round "10"]
[White "Markan, Sanket"]
[Black "Young, Daniel"]
[Result "0-1"]
[WhiteElo "1651"]
[BlackElo "1927"]
[PlyCount "48"]
[EventDate "2024.03.02"]
[EventType "swiss (rapid)"]
[EventRounds "11"]
[EventCountry "ENG"]
[SourceTitle "CB10_2024"]
[SourceDate "2024.03.06"]
[SourceVersion "1"]
[SourceVersionDate "2024.03.06"]
[SourceQuality "1"]

1. d4 Nf6 2. c4 c5 3. d5 b5 4. cxb5 a6 5. e3 axb5 6. Bxb5 Qa5+ 7. Nc3 e6 8. dxe6 fxe6 9. Nge2 Be7 10. 0-0 0-0 11. Bd2 Qb6 12. e4 Nxe4 13. Nxe4 Qxb5 14. Be3 d5 15. N2c3 Qc6 16. Bg5 Bxg5 17. Nxg5 h6 18. Nf3 d4 19. Ne2 Nd7 20. Qd3 Ba6 21. Qd2 Rxf3 22. gxf3 Qxf3 23. Rfe1 Bb7 24. Nf4 Qh1# 0-1

[Event "BCF-chT2 2223 (4NCL)"]
[Site "England"]
[Date "2023.03.18"]
[Round "7.27"]
[White "Lampard, Alice"]
[Black "Young, Daniel"]
[Result "0-1"]
[WhiteElo "1948"]
[BlackElo "1984"]
[PlyCount "68"]
[EventDate "2022.10.22"]
[EventType "team-tourn"]
[EventRounds "11"]
[EventCountry "ENG"]
[SourceTitle "EXT 2024"]
[Source "ChessBase"]
[SourceDate "2023.10.10"]
[SourceVersion "1"]
[SourceVersionDate "2023.10.10"]
[SourceQuality "1"]
[WhiteTeam "Alba"]
[BlackTeam "KJCA Kings"]
[WhiteTeamCountry "ENG"]
[BlackTeamCountry "ENG"]

1. d4 Nf6 2. c4 g6 3. Nc3 Bg7 4. e4 d6 5. Nf3 0-0 6. Be2 e5 7. 0-0 Nc6 8. d5 Ne7 9. Ne1 Nd7 10. Be3 f5 11. f3 f4 12. Bf2 g5 13. a4 a5 14. Nd3 b6 15. Nb5 Nf6 16. Qd2 g4 17. b4 axb4 18. Qxb4 Ng6 19. a5 g3 20. hxg3 fxg3 21. Bxg3 Nh5 22. Bf2 Nhf4 23. Nxf4 Nxf4 24. Qe1 Qg5 25. g3 Rf6 26. Ra2 Qh5 27. gxf4 Rg6+ 28. Bg3 exf4 29. Rf2 fxg3 30. Rg2 Qh4 31. Bd1 Be5 32. Kf1 Qh1+ 33. Rg1 Bh3+ 34. Ke2 Qh2+ 0-1

[Event "BCF-chT 2122 (4NCL)"]
[Site "England"]
[Date "2022.05.02"]
[Round "9.136"]
[White "Han, Yichen"]
[Black "Young, Daniel"]
[Result "1-0"]
[WhiteElo "2347"]
[BlackElo "1938"]
[PlyCount "59"]
[EventDate "2021.11.27"]
[EventType "team-swiss"]
[EventRounds "11"]
[EventCountry "ENG"]
[SourceTitle "EXT 2023"]
[Source "ChessBase"]
[SourceDate "2022.10.05"]
[SourceVersion "1"]
[SourceVersionDate "2022.10.05"]
[SourceQuality "1"]
[WhiteTeam "Chessable White Rose II"]
[BlackTeam "KJCA Kings"]
[WhiteTeamCountry "ENG"]
[BlackTeamCountry "ENG"]

1. d4 d5 2. c4 c6 3. Nf3 Nf6 4. e3 a6 5. Ne5 e6 6. Nd2 c5 7. Qa4+ Nbd7 8. Ndf3 Bd6 9. dxc5 Bxc5 10. b4 Be7 11. c5 0-0 12. Bb2 Nxe5 13. Nxe5 Nd7 14. Qc2 a5 15. Bd3 h6 16. a3 axb4 17. axb4 Rxa1+ 18. Bxa1 Nxe5 19. Bxe5 b6 20. 0-0 bxc5 21. bxc5 Qa5 22. c6 Ba6 23. Bxa6 Qxa6 24. Ra1 Qb5 25. Rb1 Qa5 26. g3 Rc8 27. c7 f6 28. Qc6 Kf7 29. Qd7 fxe5 30. Qxc8 1-0

[Event "London Chess Classic: Blitz A"]
[Site "London"]
[Date "2019.12.08"]
[Round "10"]
[White "Muhunthan, Charukgan"]
[Black "Young, Daniel"]
[Result "0-1"]
[WhiteElo "1377"]
[BlackElo "1860"]
[PlyCount "106"]
[EventDate "2019.12.08"]
[EventType "swiss (blitz)"]
[EventRounds "11"]
[EventCountry "ENG"]
[SourceTitle "EXT 2021"]
[Source "ChessBase"]
[SourceDate "2020.10.23"]
[SourceVersion "1"]
[SourceVersionDate "2020.10.23"]
[SourceQuality "1"]

1. e4 c5 2. Nf3 d6 3. d4 cxd4 4. Nxd4 Nf6 5. Nc3 a6 6. Be3 e5 7. Nb3 Be6 8. f3 Be7 9. Qd2 0-0 10. Be2 Nbd7 11. g4 b5 12. a3 Nb6 13. h4 Nc4 14. Bxc4 bxc4 15. Nc1 Rb8 16. Rb1 d5 17. exd5 Nxd5 18. g5 Nxe3 19. Qxe3 Qc7 20. N1a2 Bc5 21. Qe2 Rfd8 22. h5 Bd4 23. g6 h6 24. Rf1 Qa5 25. f4 Bxc3+ 26. Nxc3 Rxb2 27. Rxb2 Qxc3+ 28. Kf2 Qxb2 29. fxe5 c3 30. gxf7+ Bxf7 31. e6 Qb6+ 32. Kg3 Qxe6 33. Qxe6 Bxe6 34. Rf3 Rc8 35. Re3 Bf5 36. Re2 Kf7 37. Kf4 Be6 38. Re3 Rc4+ 39. Kg3 Rg4+ 40. Kh3 Re4+ 41. Kg2 Rxe3 42. Kf2 Rh3 43. Kg2 Rxh5 44. Kf1 Rh2 45. Ke1 Rxc2 46. Kd1 Ra2 47. Kc1 Bf5 48. Kd1 Ra1+ 49. Ke2 c2 50. Ke3 c1Q+ 51. Kd4 Qd2+ 52. Ke5 Re1+ 53. Kxf5 Qf2+ 0-1

[Event "London Chess Classic: Blitz A"]
[Site "London"]
[Date "2019.12.08"]
[Round "4"]
[White "Sandhu, Manvith"]
[Black "Young, Daniel"]
[Result "0-1"]
[WhiteElo "1503"]
[BlackElo "1860"]
[PlyCount "20"]
[EventDate "2019.12.08"]
[EventType "swiss (blitz)"]
[EventRounds "11"]
[EventCountry "ENG"]
[SourceTitle "EXT 2021"]
[Source "ChessBase"]
[SourceDate "2020.10.23"]
[SourceVersion "1"]
[SourceVersionDate "2020.10.23"]
[SourceQuality "1"]

1. e4 c5 2. Nf3 d6 3. d4 cxd4 4. Qxd4 Nc6 5. Bb5 Bd7 6. Bxc6 Bxc6 7. Nc3 Nf6 8. Bg5 e6 9. 0-0-0 Be7 10. Kb1 0-0 0-1

[Event "London Chess Classic: Blitz A"]
[Site "London"]
[Date "2019.12.08"]
[Round "1"]
[White "Young, Daniel"]
[Black "Patel, Zain"]
[Result "1-0"]
[WhiteElo "1860"]
[BlackElo "1326"]
[PlyCount "67"]
[EventDate "2019.12.08"]
[EventType "swiss (blitz)"]
[EventRounds "11"]
[EventCountry "ENG"]
[SourceTitle "EXT 2021"]
[Source "ChessBase"]
[SourceDate "2020.10.23"]
[SourceVersion "1"]
[SourceVersionDate "2020.10.23"]
[SourceQuality "1"]

1. e4 c5 2. Nf3 d6 3. d4 cxd4 4. Nxd4 Nf6 5. Nc3 a6 6. Bg5 e6 7. f4 b5 8. e5 dxe5 9. fxe5 Qc7 10. exf6 Qe5+ 11. Be2 Qxg5 12. 0-0 Nd7 13. Ne4 Qe3+ 14. Kh1 Qxe4 15. Bf3 Qg6 16. Bxa8 Nxf6 17. Bc6+ Bd7 18. Bxd7+ Nxd7 19. Qf3 Bd6 20. Qa8+ Bb8 21. Nc6 h6 22. Nxb8 0-0 23. Qxa6 Rxb8 24. Qa7 Rd8 25. Rad1 Qxc2 26. Rxd7 Rxd7 27. Qxd7 Qxb2 28. Qxf7+ Kh8 29. Qg6 Qa3 30. h3 Qe7 31. Rf7 Qf6 32. Rxf6 gxf6 33. Qxf6+ Kg8 34. Qxe6+ 1-0

[Event "BCF-chT2 1819 (4NCL) Promotion"]
[Site "England"]
[Date "2019.05.06"]
[Round "11.34"]
[White "Young, Daniel"]
[Black "Graham, David Bruce"]
[Result "0-1"]
[WhiteElo "1981"]
[BlackElo "2146"]
[PlyCount "134"]
[EventDate "2018.11.10"]
[EventType "team-tourn"]
[EventRounds "11"]
[EventCountry "ENG"]
[SourceTitle "EXT 2021"]
[Source "ChessBase"]
[SourceDate "2020.10.23"]
[SourceVersion "1"]
[SourceVersionDate "2020.10.23"]
[SourceQuality "1"]
[WhiteTeam "KJCA Kings"]
[BlackTeam "Sussex Martlets"]
[WhiteTeamCountry "ENG"]
[BlackTeamCountry "ENG"]

1. e4 c5 2. Nf3 d6 3. d4 cxd4 4. Nxd4 Nf6 5. Nc3 g6 6. Be3 Bg7 7. f3 0-0 8. Qd2 Nc6 9. Bc4 Bd7 10. 0-0-0 Qa5 11. h4 Ne5 12. Bb3 Rfc8 13. g4 Nc4 14. Bxc4 Rxc4 15. h5 Rac8 16. Nb3 Qe5 17. hxg6 fxg6 18. Bd4 Qg3 19. g5 Nh5 20. Bxg7 Nxg7 21. Nd4 Ne6 22. Nxe6 Bxe6 23. f4 Rf8 24. Nd5 Rf7 25. f5 Bxd5 26. Qxd5 Qe3+ 27. Kb1 Qxe4 28. Qxe4 Rxe4 29. fxg6 hxg6 30. Rh6 Re5 31. Rxg6+ Rg7 32. Rxg7+ Kxg7 33. c4 Rxg5 34. Kc2 Kf7 35. Rf1+ Ke6 36. Rf8 Kd7 37. Rb8 Kc7 38. Re8 Re5 39. b4 Kd7 40. Rb8 Kc7 41. Re8 Kb6 42. Kd3 Re1 43. a4 a5 44. bxa5+ Kxa5 45. Ra8+ Kb6 46. a5+ Kc6 47. Rc8+ Kd7 48. Ra8 Ra1 49. Kc3 e5 50. Kb2 Rd1 51. a6 bxa6 52. Rxa6 Kc7 53. Kc3 Kb7 54. Ra2 Rc1+ 55. Kd3 Rb1 56. Ra5 Kb6 57. Ra8 Rb3+ 58. Ke4 Rc3 59. Kd5 Rd3+ 60. Ke6 Kc5 61. Rc8+ Kb4 62. Rc6 e4 63. Kf5 e3 64. Rc8 e2 65. Re8 Rd2 66. Re4 Kc3 67. Kf4 Rd4 0-1

[Event "BCF-chT2a 1819 (4NCL)"]
[Site "England"]
[Date "2019.01.12"]
[Round "3.44"]
[White "Young, Daniel"]
[Black "Snape, Ian L"]
[Result "0-1"]
[WhiteElo "1988"]
[BlackElo "2170"]
[PlyCount "52"]
[EventDate "2018.11.10"]
[EventType "team-tourn"]
[EventRounds "11"]
[EventCountry "ENG"]
[SourceTitle "EXT 2021"]
[Source "ChessBase"]
[SourceDate "2020.10.23"]
[SourceVersion "1"]
[SourceVersionDate "2020.10.23"]
[SourceQuality "1"]
[WhiteTeam "KJCA Kings"]
[BlackTeam "The ADS"]
[WhiteTeamCountry "ENG"]
[BlackTeamCountry "ENG"]

1. e4 Nf6 2. e5 Nd5 3. d4 d6 4. c4 Nb6 5. f4 g6 6. Nc3 Bg7 7. Be3 Be6 8. d5 Bc8 9. Nf3 0-0 10. Be2 Bg4 11. c5 N6d7 12. cxd6 exd6 13. e6 Bxf3 14. Bxf3 Nf6 15. Qb3 Na6 16. Qxb7 Nc5 17. Bxc5 Rb8 18. Qc6 dxc5 19. 0-0 Rxb2 20. exf7+ Rxf7 21. Qxc5 Bf8 22. Qe3 Re7 23. Qd3 Qd6 24. g3 Qc5+ 25. Kh1 Re3 26. Qa6 Qxc3 0-1

[Event "London Classic U2050 op 10th"]
[Site "London"]
[Date "2018.12.15"]
[Round "3"]
[White "Niedbal, Piotr"]
[Black "Young, Daniel"]
[Result "1/2-1/2"]
[WhiteElo "1940"]
[BlackElo "2021"]
[PlyCount "48"]
[EventDate "2018.12.14"]
[EventType "swiss"]
[EventRounds "5"]
[EventCountry "ENG"]
[SourceTitle "CBM 187 Extra"]
[Source "ChessBase"]
[SourceDate "2018.11.04"]
[SourceVersion "1"]
[SourceVersionDate "2018.11.04"]
[SourceQuality "1"]

1. e4 c5 2. Nf3 d6 3. d4 cxd4 4. Nxd4 Nf6 5. Nc3 a6 6. Bg5 e6 7. f4 Be7 8. Qf3 Qc7 9. 0-0-0 Nbd7 10. g4 b5 11. Bxf6 Nxf6 12. g5 Nd7 13. f5 0-0 14. Rg1 b4 15. Nce2 e5 16. f6 exd4 17. fxe7 Re8 18. Nxd4 Ne5 19. Qg3 Rxe7 20. Nf5 Re6 21. Nd4 Re8 22. h4 Bb7 23. Bg2 Nc4 24. Rge1 Qa5 1/2-1/2

[Event "London Classic U2050 op 10th"]
[Site "London"]
[Date "2018.12.15"]
[Round "2"]
[White "Young, Daniel"]
[Black "Huang, Zi Chao Jonah"]
[Result "0-1"]
[WhiteElo "2021"]
[BlackElo "1715"]
[PlyCount "110"]
[EventDate "2018.12.14"]
[EventType "swiss"]
[EventRounds "5"]
[EventCountry "ENG"]
[SourceTitle "CBM 187 Extra"]
[Source "ChessBase"]
[SourceDate "2018.11.04"]
[SourceVersion "1"]
[SourceVersionDate "2018.11.04"]
[SourceQuality "1"]

1. e4 c5 2. Nf3 d6 3. d4 cxd4 4. Nxd4 Nf6 5. Nc3 a6 6. Bg5 e6 7. f4 Qc7 8. Bxf6 gxf6 9. f5 Nc6 10. Nxc6 bxc6 11. Qh5 Qa5 12. 0-0-0 Rb8 13. Bc4 Qe5 14. Rhe1 a5 15. g3 Bd7 16. Re2 h6 17. Bb3 Rg8 18. Qh3 Rg5 19. Ree1 h5 20. Qf1 Be7 21. fxe6 fxe6 22. Qf4 Qc5 23. Ne2 Rb4 24. Kb1 Rg4 25. Qh6 a4 26. c3 Rbxe4 27. Bc2 Bf8 28. Qxf6 Bg7 29. Qf3 Re3 30. Qf2 a3 31. Nd4 Rxe1 32. Qxe1 Bxd4 33. cxd4 Rxd4 34. Bg6+ Ke7 35. Rxd4 Qxd4 36. bxa3 e5 37. Qf1 Be6 38. Bf5 Bxf5+ 39. Qxf5 Qg1+ 40. Kb2 Qxh2+ 41. Kb1 Qxg3 42. Qxh5 Qd3+ 43. Kb2 Ke6 44. Qg4+ Kd5 45. Qg8+ Kd4 46. Qg1+ Kd5 47. Qg2+ Kc5 48. Qg8 Qd2+ 49. Kb1 e4 50. Qg1+ e3 51. Qg5+ d5 52. Qe7+ Kc4 53. Qb7 Qd3+ 54. Kb2 Qc3+ 55. Kb1 Kd3 0-1

[Event "GBR-ch 105th"]
[Site "Hull"]
[Date "2018.08.05"]
[Round "9"]
[White "Young, Daniel"]
[Black "Palliser, Richard"]
[Result "0-1"]
[WhiteElo "1962"]
[BlackElo "2418"]
[PlyCount "76"]
[EventDate "2018.07.28"]
[EventType "swiss"]
[EventRounds "9"]
[EventCountry "ENG"]
[SourceTitle "CBM 185 Extra"]
[Source "ChessBase"]
[SourceDate "2018.07.29"]
[SourceVersion "1"]
[SourceVersionDate "2018.07.29"]
[SourceQuality "1"]

1. e4 c6 2. d4 d5 3. e5 Bf5 4. Nf3 e6 5. Be2 Nd7 6. 0-0 Bg6 7. Nbd2 Nh6 8. Nb3 Nf5 9. a4 a5 10. c3 Bh5 11. h3 Bxf3 12. Bxf3 Be7 13. Be2 Bg5 14. Bd3 Bxc1 15. Qxc1 Ne7 16. Qe3 Qb6 17. Bc2 Nf5 18. Qe1 g6 19. g4 Ne7 20. Qe3 h5 21. Kg2 0-0-0 22. Rh1 Qc7 23. Nc5 Nxc5 24. dxc5 d4 25. cxd4 Nd5 26. Qd2 g5 27. Rad1 Nf4+ 28. Kf3 f6 29. exf6 Rhf8 30. Be4 Rxf6 31. Ke3 e5 32. Qc3 Re8 33. d5 cxd5 34. Bxd5 Nxd5+ 35. Rxd5 Qf7 36. Qxa5 Qxd5 37. Qa8+ Kc7 38. Qxe8 Qd4+ 0-1

[Event "GBR-ch 105th"]
[Site "Hull"]
[Date "2018.08.03"]
[Round "7"]
[White "Young, Daniel"]
[Black "Pollack, Oscar"]
[Result "1-0"]
[WhiteElo "1962"]
[BlackElo "2064"]
[PlyCount "149"]
[EventDate "2018.07.28"]
[EventType "swiss"]
[EventRounds "9"]
[EventCountry "ENG"]
[SourceTitle "CBM 185 Extra"]
[Source "ChessBase"]
[SourceDate "2018.07.29"]
[SourceVersion "1"]
[SourceVersionDate "2018.07.29"]
[SourceQuality "1"]

1. e4 e6 2. d4 d5 3. Nc3 Bb4 4. e5 c5 5. a3 Bxc3+ 6. bxc3 Ne7 7. Qg4 Qc7 8. Bd3 cxd4 9. Ne2 dxc3 10. Qxg7 Rg8 11. Qxh7 Qxe5 12. h4 Nd7 13. Bf4 Qf6 14. Bg5 Qh8 15. Qxh8 Rxh8 16. Nxc3 f6 17. Bd2 Ne5 18. h5 Bd7 19. Rb1 Bc6 20. f3 Kd7 21. Kf2 Rag8 22. g4 f5 23. gxf5 Nxd3+ 24. cxd3 Nxf5 25. Bf4 Rh7 26. Rbg1 Rxg1 27. Kxg1 Ke7 28. Ne2 Bb5 29. Bg5+ Kf7 30. Nf4 Ne7 31. Kf2 Bc6 32. Re1 Ng8 33. Rxe6 Rxh5 34. Rxc6 Rxg5 35. Rc7+ Kf6 36. Rxb7 Rf5 37. Ne2 Nh6 38. Nd4 Rh5 39. Rxa7 Ke5 40. Nc6+ Kd6 41. Nd4 Ke5 42. Ke3 Rh3 43. Re7+ Kd6 44. Re6+ Kd7 45. Rg6 Nf7 46. a4 Ne5 47. Rg7+ Kd6 48. Rg1 Rh8 49. Nb5+ Kd7 50. Rg7+ Ke6 51. a5 Rb8 52. Nd4+ Kf6 53. Rg1 Re8 54. Kd2 Rh8 55. Ra1 Nd7 56. a6 Ke5 57. Nb5 d4 58. a7 Nb6 59. Nc7 Rh2+ 60. Kc1 Rh1+ 61. Kb2 Rh2+ 62. Kb3 Rd2 63. Ra5+ Kd6 64. Ra6 Rxd3+ 65. Kb2 Rd2+ 66. Kc1 Kxc7 67. Kxd2 Na8 68. Kd3 Kb7 69. Ra1 Nc7 70. a8Q+ Nxa8 71. Rxa8 Kxa8 72. Kxd4 Kb7 73. Kd5 Kc8 74. Ke6 Kd8 75. Kf7 1-0

[Event "BCF-chT2 1718 (4NCL) Demotion pool"]
[Site "England"]
[Date "2018.05.05"]
[Round "9.77"]
[White "Payne, Matthew"]
[Black "Young, Daniel"]
[Result "1-0"]
[WhiteElo "2099"]
[BlackElo "1982"]
[PlyCount "69"]
[EventDate "2017.11.11"]
[EventType "team-tourn"]
[EventRounds "11"]
[EventCountry "ENG"]
[SourceTitle "EXT 2020"]
[Source "ChessBase"]
[SourceDate "2019.10.17"]
[SourceVersion "1"]
[SourceVersionDate "2019.10.17"]
[SourceQuality "1"]
[WhiteTeam "Sussex Martlets"]
[BlackTeam "KJCA Kings"]
[WhiteTeamCountry "ENG"]
[BlackTeamCountry "ENG"]

1. e4 c5 2. Nc3 g6 3. f4 Bg7 4. Nf3 Nc6 5. Bb5 Nd4 6. 0-0 Nxb5 7. Nxb5 d5 8. e5 a6 9. Nc3 Bg4 10. d4 cxd4 11. Qxd4 e6 12. Qf2 Bxf3 13. Qxf3 Ne7 14. Be3 0-0 15. Rad1 Rc8 16. Qf2 b5 17. Bc5 Qc7 18. b4 Rfe8 19. g4 f6 20. exf6 Bxf6 21. Rd3 Nc6 22. f5 Qg7 23. fxg6 Bxc3 24. Qf7+ Kh8 25. Rxc3 Qxg6 26. Qxg6 hxg6 27. Rf6 Kg7 28. g5 Ne5 29. Bd4 Nc6 30. Rxc6 Rxc6 31. Rxe6+ Kf7 32. Rxc6 Re4 33. c3 Rg4+ 34. Kf2 Rxg5 35. Rxa6 1-0

[Event "BCF-chT2b 1718 (4NCL)"]
[Site "England"]
[Date "2018.02.10"]
[Round "5.76"]
[White "Punnett, Alan Kenneth"]
[Black "Young, Daniel"]
[Result "1/2-1/2"]
[WhiteElo "2059"]
[BlackElo "2003"]
[PlyCount "91"]
[EventDate "2017.11.11"]
[EventType "team-tourn"]
[EventRounds "7"]
[EventCountry "ENG"]
[SourceTitle "EXT 2020"]
[Source "ChessBase"]
[SourceDate "2019.10.17"]
[SourceVersion "1"]
[SourceVersionDate "2019.10.17"]
[SourceQuality "1"]
[WhiteTeam "Guildford III"]
[BlackTeam "KJCA Kings"]
[WhiteTeamCountry "ENG"]
[BlackTeamCountry "ENG"]

1. e4 c5 2. Nf3 d6 3. d4 cxd4 4. Nxd4 Nf6 5. Nc3 a6 6. a4 Nc6 7. Be2 e5 8. Nb3 Be6 9. Bg5 Be7 10. Bxf6 Bxf6 11. Nd5 Be7 12. 0-0 0-0 13. c3 Bg5 14. Nd2 Bxd2 15. Qxd2 Ne7 16. Bc4 Rc8 17. Nxe7+ Qxe7 18. Bd5 Bxd5 19. Qxd5 Rc5 20. Qd3 Rd8 21. Rad1 Qe6 22. Rd2 Qc4 23. Ra1 Qxd3 24. Rxd3 Kf8 25. f3 Ke7 26. Kf2 Ke6 27. Rad1 g6 28. g4 h6 29. h4 Rc4 30. b3 Rc5 31. c4 b5 32. cxb5 axb5 33. a5 b4 34. Rd5 Rc3 35. R1d3 Rxd3 36. Rxd3 Ra8 37. Rd5 f5 38. Rb5 fxe4 39. fxe4 Kd7 40. Rxb4 Rxa5 41. Rb7+ Ke6 42. Rh7 Kf6 43. h5 gxh5 44. Rxh6+ Kg5 45. Rxh5+ Kxg4 46. Rh6 1/2-1/2

[Event "BCF-chT2b 1718 (4NCL)"]
[Site "England"]
[Date "2018.01.13"]
[Round "3.74"]
[White "Jaunooby, Ali Reza"]
[Black "Young, Daniel"]
[Result "1-0"]
[WhiteElo "2200"]
[BlackElo "2008"]
[PlyCount "75"]
[EventDate "2017.11.11"]
[EventType "team-tourn"]
[EventRounds "7"]
[EventCountry "ENG"]
[SourceTitle "EXT 2020"]
[Source "ChessBase"]
[SourceDate "2019.10.17"]
[SourceVersion "1"]
[SourceVersionDate "2019.10.17"]
[SourceQuality "1"]
[WhiteTeam "Manchester Manticores"]
[BlackTeam "KJCA Kings"]
[WhiteTeamCountry "ENG"]
[BlackTeamCountry "ENG"]

1. d4 d5 2. Bf4 c5 3. e3 Nf6 4. c3 Nc6 5. Nd2 cxd4 6. exd4 g6 7. Bd3 Bg7 8. h3 0-0 9. Ngf3 Nh5 10. Bh2 f5 11. 0-0 f4 12. Qb3 Kh8 13. Rae1 Qd6 14. Re2 Ng3 15. fxg3 fxg3 16. Bxg3 Qxg3 17. Qxd5 Bxh3 18. Ne4 Qg4 19. Neg5 Qd7 20. Nf7+ Rxf7 21. Qxf7 Rf8 22. Qc4 Bg4 23. Be4 Nd8 24. Ref2 Bxf3 25. Rxf3 Rxf3 26. Rxf3 Ne6 27. Qd5 Qxd5 28. Bxd5 Nd8 29. g4 h6 30. g5 Kh7 31. Rh3 b6 32. Kg2 e6 33. Bc4 Nf7 34. gxh6 Bxh6 35. Bxe6 Ng5 36. Re3 Kg7 37. Bd5 Kf6 38. Re8 1-0